The noble scholar, jurist, historian


 His Excellency Dr. Abdul Wahhab bin Ibrahim Abu Sulaiman, may Allah have mercy on him.


 He was born in Umm Al-Qura in the year 1356 AH.

المسألة الدينية والأزمة الكونية : (Record no. 2157)

MARC details
000 -LEADER
fixed length control field 01514cam a22003131i 4500
003 - CONTROL NUMBER IDENTIFIER
control field SA-RiAUC
005 - DATE AND TIME OF LATEST TRANSACTION
control field 20241107111504.0
008 - FIXED-LENGTH DATA ELEMENTS--GENERAL INFORMATION
fixed length control field 241031s2009 su g 000 0 ara c
040 ## - CATALOGING SOURCE
Original cataloging agency SA-JeALM
Language of cataloging ara
Transcribing agency SA-RiAUC
Description conventions rda
041 0# - LANGUAGE CODE
Language code of text/sound track or separate title ara
-- eng
050 #4 - LIBRARY OF CONGRESS CALL NUMBER
Item number R54 2009
082 04 - DEWEY DECIMAL CLASSIFICATION NUMBER
Classification number 219.5
Assigning agency SA-RiAUC
090 ## - LOCALLY ASSIGNED LC-TYPE CALL NUMBER (OCLC); LOCAL CALL NUMBER (RLIN)
Classification number (OCLC) (R) ; Classification number, CALL (RLIN) (NR) 219.5
Local cutter number (OCLC) ; Book number/undivided call number, CALL (RLIN) ر ف ا
100 1# - MAIN ENTRY--PERSONAL NAME
Personal name الرفاعي، حامد بن أحمد،
Dates associated with a name 1940-
Relator term مؤلف.
245 12 - TITLE STATEMENT
Title المسألة الدينية والأزمة الكونية :
Remainder of title التحليل الديني للأزمة الاقتصادية العالمية = Religious matter and cosmic crisis : religious analysis of the world economic crisis /
Statement of responsibility, etc. أ. د. حامد بن أحمد الرفاعي.
246 31 - VARYING FORM OF TITLE
Title proper/short title Religious matter and cosmic crisis :
Remainder of title religious analysis of the world economic crisis
264 #1 - PRODUCTION, PUBLICATION, DISTRIBUTION, MANUFACTURE, AND COPYRIGHT NOTICE
Place of production, publication, distribution, manufacture جدة [السعودية] :
Name of producer, publisher, distributor, manufacturer حامد بن أحمد الرفاعي،
Date of production, publication, distribution, manufacture, or copyright notice 2009
300 ## - PHYSICAL DESCRIPTION
Extent 215، 223 صفحة ؛
Dimensions 24 سم.
336 ## - CONTENT TYPE
Content type term نص
Content type code txt
Source rdacontent
Materials specified كتاب
337 ## - MEDIA TYPE
Media type term بدون وسيط
Media type code n
Source rdamedia
338 ## - CARRIER TYPE
Carrier type term مجلد
Carrier type code nc
Source rdacarrier
490 0# - SERIES STATEMENT
Series statement لتعارفوا
546 ## - LANGUAGE NOTE
Language note النص باللغتين العربية والإنجليزية.
650 #7 - SUBJECT ADDED ENTRY--TOPICAL TERM
Topical term or geographic name entry element الأزمة الاقتصادية العالمية، 2008-2009
Source of heading or term aucsh
650 #7 - SUBJECT ADDED ENTRY--TOPICAL TERM
Topical term or geographic name entry element الإسلام والأزمات الاقتصادية
Source of heading or term aucsh
650 #7 - SUBJECT ADDED ENTRY--TOPICAL TERM
Topical term or geographic name entry element الإسلام والإصلاح الاقتصادي
Source of heading or term aucsh
942 ## - ADDED ENTRY ELEMENTS (KOHA)
Source of classification or shelving scheme Dewey Decimal Classification
Koha item type Books
Suppress in OPAC No
949 ## - LOCAL PROCESSING INFORMATION (OCLC)
a SA-JeALM
d 241031
u mohamedma123
n 1
Holdings
Withdrawn status Lost status Source of classification or shelving scheme Damaged status Not for loan Home library Current library Date acquired Total checkouts Full call number Barcode Date last seen Price effective from Koha item type
    Dewey Decimal Classification     DR AbdElwahab Library DR AbdElwahab Library 11/07/2024   219.5 ر ف ا 000003455 11/07/2024 11/07/2024 Books